Quiz Cultura Generale - Quiz n°76 - Statistics

Statistiche generali
  • Questo quiz è stato fatto 150 volte
  • Il punteggio medio è 32 su 45
Statistiche sulle risposte
Domanda Casella Select % Corretto
Seleziona i colori primari Marrone No
98%
Seleziona chi ha condotto almeno un'edizione del Festival di Sanremo Amadeus
97%
Seleziona i colori primari Viola No
97%
Seleziona i colori primari Arancione No
96%
Seleziona i colori primari Rosso
96%
Seleziona chi ha condotto almeno un'edizione del Festival di Sanremo Gerry Scotti No
94%
Seleziona chi ha condotto almeno un'edizione del Festival di Sanremo Enrico Papi No
92%
Seleziona chi ha condotto almeno un'edizione del Festival di Sanremo Flavio Insinna No
92%
Seleziona i colori primari Blu
88%
Seleziona chi ha condotto almeno un'edizione del Festival di Sanremo Carlo Conti
88%
Seleziona chi ha condotto almeno un'edizione del Festival di Sanremo Pippo Baudo
88%
Seleziona le opere di Italo Calvino Adelchi No
85%
Seleziona le opere di Italo Calvino Il Piacere No
85%
Seleziona le opere di Italo Calvino Il barone rampante
82%
Seleziona le città che hanno ospitato i Giochi Olimpici invernali Berna No
81%
Seleziona le opere di Italo Calvino Il porto sepolto No
79%
Seleziona chi ha condotto almeno un'edizione del Festival di Sanremo Mike Bongiorno
78%
Seleziona le opere di Italo Calvino Ossi di seppia No
76%
Seleziona le opere di Italo Calvino Una vita No
76%
Seleziona le opere di Italo Calvino Il passero solitario No
74%
Seleziona gli anni bisestili 1702 No
72%
Seleziona le città che hanno ospitato i Giochi Olimpici invernali Aspen No
72%
Seleziona chi ha condotto almeno un'edizione del Festival di Sanremo Fabrizio Frizzi No
72%
Seleziona i colori primari Giallo
72%
Seleziona i colori primari Nero No
72%
Seleziona gli anni bisestili 2000
71%
Seleziona le città che hanno ospitato i Giochi Olimpici invernali Torino
69%
Seleziona le opere di Italo Calvino Il sentiero dei nidi di ragno
68%
Seleziona le opere di Italo Calvino Il visconte dimezzato
68%
Seleziona i colori primari Bianco No
65%
Seleziona le città che hanno ospitato i Giochi Olimpici invernali Vancouver
65%
Seleziona i colori primari Verde No
65%
Seleziona gli anni bisestili 1782 No
64%
Seleziona chi ha condotto almeno un'edizione del Festival di Sanremo Paolo Bonolis
61%
Seleziona gli anni bisestili 2066 No
58%
Seleziona le città che hanno ospitato i Giochi Olimpici invernali Cortina d'Ampezzo
58%
Seleziona gli anni bisestili 1900 No
52%
Seleziona le città che hanno ospitato i Giochi Olimpici invernali Mosca No
48%
Seleziona le città che hanno ospitato i Giochi Olimpici invernali Pechino
48%
Seleziona gli anni bisestili 1800 No
47%
Seleziona gli anni bisestili 1764
45%
Seleziona gli anni bisestili 1812
45%
Seleziona le città che hanno ospitato i Giochi Olimpici invernali Oslo
45%
Seleziona gli anni bisestili 1600
36%
Seleziona le città che hanno ospitato i Giochi Olimpici invernali Calgary
35%
Nessun quiz corrispondente trovato
Distribuzione punteggi
Percentuale di utenti per punteggio
Percentile per numero di risposta
I tuoi punteggi nel tempo
Non hai fatto questo quiz